Dibujos de Barjola / (Record no. 93067)

MARC details
000 -LEADER
campo de control de longitud fija 00910nam a2200265 i 4500
001 - NÚMERO DE CONTROL
campo de control 93067
003 - IDENTIFICADOR DE NÚMERO DE CONTROL
campo de control ES-MaACL
005 - FECHA Y HORA DE LA ÚLTIMA TRANSACCIÓN
campo de control 20250815121257.0
007 - CAMPO FIJO DE DESCRIPCIÓN FÍSICA--INFORMACIÓN GENERAL
campo de control de longitud fija t|
008 - DATOS DE LONGITUD FIJA--INFORMACIÓN GENERAL
campo de control de longitud fija 050407s1972 sp af ||||1| spa d
080 ## - NÚMERO DE LA CLASIFICACIÓN DECIMAL UNIVERSAL
Número de la Clasificación Decimal Universal 74 Barjola, Juan
080 ## - NÚMERO DE LA CLASIFICACIÓN DECIMAL UNIVERSAL
Número de la Clasificación Decimal Universal 75 Barjola, Juan
100 1# - ENTRADA PRINCIPAL--NOMBRE DE PERSONA
Nombre de persona Barjola, Juan.
9 (RLIN) 25668
245 10 - MENCIÓN DEL TÍTULO
Título Dibujos de Barjola /
Mención de responsabilidad, etc. por Miguel Logroño.
250 ## - MENCION DE EDICION
Mención de edición 1ª ed.
260 ## - PUBLICACIÓN, DISTRIBUCIÓN, ETC.
Lugar de publicación, distribución, etc. Madrid :
Nombre del editor, distribuidor, etc. Ibérico Europea de Ediciones,
Fecha de publicación, distribución, etc. cop. 1972.
300 ## - DESCRIPCIÓN FÍSICA
Extensión [32] p. :
Otras características físicas principalmente il. bl. y n. ;
Dimensiones 31 cm.
490 1# - MENCIÓN DE SERIE
Mención de serie Cuadenos de arte. Maestros contemporáneos del dibujo y la pintura ;
Designación de volumen o secuencia 20
600 04 - PUNTO DE ACCESO ADICIONAL DE MATERIA--NOMBRE DE PERSONA
Nombre de persona Barjola, Juan.
9 (RLIN) 25668
700 0# - ENTRADA AGREGADA--NOMBRE PERSONAL
Nombre de persona Logroño, Miguel.
9 (RLIN) 73129
830 00 - PUNTO DE ACCESO ADICIONAL DE SERIE-TÍTULO UNIFORME
Título uniforme Maestros contemporáneos del dibujo y la pintura
Designación de volumen o secuencia 20
9 (RLIN) 190405
852 ## - LOCALIZACIÓN
Ubicación ES-MaACL
Número de control de estantería 2276-F-15
Encuadernación Olim C-43962
852 ## - LOCALIZACIÓN
Ubicación ES-MaACL
Número de control de estantería E-14687 (10)
Encuadernación Olim P-1071
Holdings
Estatus retirado Estado de pérdida Estado de daño No para préstamo Colección Biblioteca de origen Biblioteca actual Ubicación en estantería Fecha de adquisición Fuente de adquisición Total de préstamos Signatura topográfica completa Código de barras Visto por última vez Precio de reemplazo Tipo de ítem Koha Fuente del sistema de clasificación o colocación Restricciones de uso
        Colección de folletos Biblioteca del Ateneo de Madrid Biblioteca del Ateneo de Madrid Depósito folletos 17/01/2008     2276-F-15 1097150 23/02/2023 23/02/2023 Folleto    
          Biblioteca del Ateneo de Madrid Biblioteca del Ateneo de Madrid Depósito 2 15/03/2011     E-14687 (10) 1186227 23/02/2023 23/02/2023 Libro impreso Clasificación decimal universal Duplicado